| 000 | 01012cam a2200217 4500 | ||
|---|---|---|---|
| 001 | WB3811-12 | ||
| 008 | 020320n2002 000 0 eng u | ||
| 035 | _a(Sirsi) u117194 | ||
| 245 | _aFlooding strongman needed | ||
| 260 | _c2002 | ||
| 490 |
_aRICS Press Release _v20 March 2002, (1) |
||
| 520 | _aRICS urges government to streamline the flood control and prevention system and appoint a 'flooding strongman' to co-ordinate flooding policy. Speaking at a conference in London RICS president Peter Faulkner stated that separate legislation andnumerous individual bodies and local authorities dealing with flooding has made flood management and funding too complex and a rethink is urgently needed. http://www.rics.org/ricscms/bin/show?class=PressRelease&template=/includes/showpr.html&id=696 | ||
| 590 | _aWB | ||
| 650 | _aFLOOD CONTROL | ||
| 650 | _aFUNDING | ||
| 650 | _aFLOOD PREVENTION | ||
| 650 | _aRICS | ||
| 650 | _aFLOODING | ||
| 690 | _aENVIRONMENTAL AND LAND CONSULTANCY | ||
| 942 | _n0 | ||
| 999 |
_c69822 _d69822 |
||